Pleito de Gaspar Rodríguez Cortés con el fiscal del Rey, porque el primero no declaró las mercaderías que había en su tienda

Detalles Bibliográficos
Otros Autores: Gaspar Rodríguez Cortés
Formato: Libro
Publicado: s.l., s.f.
Materias:
Colección:Banco de datos
Acervo:Biblioteca Palafoxiana. Colección de Manuscritos
Descripción Física:7 f. ; 32 x 21 cm.
Tema general:Civil
LEADER 00469nam a22001450004500
035 |a 1098 
245 1 0 |a Pleito de Gaspar Rodríguez Cortés con el fiscal del Rey, porque el primero no declaró las mercaderías que había en su tienda 
260 |a s.l., s.f. 
300 |a 7 f. ; 32 x 21 cm. 
650 1 0 |a Civil 
700 1 |a Gaspar Rodríguez Cortés 
949 |a 19948/009 
942 |c PALAMANU 
943 |g Biblioteca Palafoxiana. Colección de Manuscritos 
999 |c 1069043  |d 1069043